Das jugendalter : entwicklungsaufgaben, entwicklungskrisen, bewaltigungsformen

Αποθηκεύτηκε σε:
Λεπτομέρειες βιβλιογραφικής εγγραφής
Κύριος συγγραφέας: Goppel, Rolf
Μορφή: Βιβλίο
Γλώσσα:German
Δημοσίευση: [Stuttgart] : Kohlhammer, [2005]
Σειρά:Padagogik der Lebensalter ; ; 4
Θέματα:
Ετικέτες: Προσθήκη ετικέτας
Δεν υπάρχουν, Καταχωρήστε ετικέτα πρώτοι!

MARC

LEADER 00000nam a2200000 i 4500
001 1/64094
008 071122s2005 ger d
020 |a 3-17-017415-0 
035 |l 10092483 
040 |a GR-MY-UA  |b gre  |e aacr 
041 0 |a ger 
082 0 |a 371.82083  |2 (22) 
100 1 |a Goppel, Rolf. 
245 1 4 |a Das jugendalter :  |b entwicklungsaufgaben, entwicklungskrisen, bewaltigungsformen /  |c Rolf Goppel 
260 |a [Stuttgart] :   |b Kohlhammer,   |c [2005] 
300 |a viii, 258 σ.;  |c 24 εκ. 
490 1 |a Padagogik der Lebensalter  |v ; 4 
504 |a Βιβλιογραφία: σ. 249-258 
650 0 0 |a Youth  |z Germany. 
650 0 0 |a Adolescence  |z Germany. 
650 0 0 |a Youth  |z Germany  |x Education. 
830 0 |a Padagogik der Lebensalter ;  |v ; 4 
852 |a INST  |b RHODES  |e 20071122  |h 371.82083 GOP  |p 005400025248  |q 005400025248  |t BK  |y 0 
901 |a BIBL4-2007-3 
909 |a Ρ  |b 140149 
922 |a 4ΕΛΗ  |b 200710  |c ΕΠΕΑΕΚ2/ΠΤΔΕ  |d ΕΛΕΥΘΕΡΟΥΔΑΚΗΣ 
970 |a ΧΑΡΙΟΠΟΛΙΤΟΥ  |b ΚΩΝΣΤΑΝΤΙΝΑ  |z 2007/11/22